| 000 | 00493nam a22001697a 4500 | ||
|---|---|---|---|
| 003 | OSt | ||
| 005 | 20251009012412.0 | ||
| 008 | 251009b |||||||| |||| 00| 0 eng d | ||
| 020 | _a978-0-345-50288-9 | ||
| 040 |
_aDWC-Main lib. _cOC |
||
| 082 | _aFic. R754i 2008 | ||
| 100 | _aJames Rollins | ||
| 245 |
_aIndiana Jones and the Kingdom of the Crystal Skull/ _cJames Rollins |
||
| 260 |
_aNew York : _bBallantine Books, _c c2008. |
||
| 300 |
_a360 pages ; _c18 cm. |
||
| 942 |
_2ddc _cFIC. _kFic. _n0 |
||
| 999 |
_c4728 _d4728 |
||